Normal view
MARC view
- المنطق الرمزي- استقراء
Entry Topical Term
001 - CONTROL NUMBER
- control field: 52670
003 - CONTROL NUMBER IDENTIFIER
- control field: JO-AjAnu
005 - DATE AND TIME OF LATEST TRANSACTION
- control field: 20230606082645.0
008 - FIXED-LENGTH DATA ELEMENTS
- fixed length control field: 230606|| aca||aabn | a|a d
040 ## - CATALOGING SOURCE
- Original cataloging agency: JO-AjAnu
- Transcribing agency: JO-AjAnu
150 ## - HEADING--TOPICAL TERM
- Topical term or geographic name entry element: المنطق الرمزي- استقراء
670 ## - SOURCE DATA FOUND
- Source citation: Work cat.: (JO-AjAnu)26913: زيدان، محمود فهمي, author 52669, المنطق الرمزي نشأته وتطوره